000 00679nam a2200205Ia 4500
005 20260121110318.0
008 008 260114s9999 xx 000 0 hin d
020 _a9788132352600
037 _aEBOOK
040 _aCRL
_bhin
_cCRL
041 _ahin
_2hin
084 _qCRL
100 _aराम प्रवेश साह / Ram Pravesh Sah
_9944639
245 0 _aडाटा बेस सिस्टम का परिचय / Data Base System ka Parichay
260 _bभाषा प्रकाशन / Bhasha Prakashan
_c2020
856 _uhttps://bhashaprakashan.com/product-details/382314
942 _cEBOOK
999 _c1536303
_d1536303